|
|
|
|
| LEADER |
00000caa a2200000 c 4500 |
| 001 |
1700746510 |
| 003 |
DE-627 |
| 005 |
20210303103852.0 |
| 007 |
tu |
| 008 |
200617s2020 xx ||||| 00| ||ger c |
| 020 |
|
|
|a 9783866766280
|
| 035 |
|
|
|a (DE-627)1700746510
|
| 035 |
|
|
|a (DE-599)KXP1700746510
|
| 040 |
|
|
|a DE-627
|b ger
|c DE-627
|e rda
|
| 041 |
|
|
|a ger
|
| 100 |
1 |
|
|a Sell, Stefan
|d 1964-
|e VerfasserIn
|0 (DE-588)130429899
|0 (DE-627)501469745
|0 (DE-576)298190907
|4 aut
|
| 109 |
|
|
|a Sell, Stefan 1964-
|a Sell, S. 1964-
|
| 245 |
1 |
5 |
|a Eine doppelte Überforderung angesichts einer an sich notwendigen Kommunalisierung?
|b die Herausforderungen einer geteilten Verantwortung von Polizei und kommunalen Ordnungsdiensten in einer nachhaltig ausgestalteten Architektur öffentlicher Sicherheit
|c von Stefan Sell
|
| 264 |
|
1 |
|c 2020
|
| 336 |
|
|
|a Text
|b txt
|2 rdacontent
|
| 337 |
|
|
|a ohne Hilfsmittel zu benutzen
|b n
|2 rdamedia
|
| 338 |
|
|
|a Band
|b nc
|2 rdacarrier
|
| 650 |
|
4 |
|a Innere Sicherheit
|
| 650 |
|
4 |
|a Sicherheitsproduktion
|
| 650 |
|
4 |
|a Polizei
|
| 650 |
|
4 |
|a Kommunaler Ordnungsdienst
|
| 650 |
|
4 |
|a Sicherheitsgefühl
|
| 650 |
|
4 |
|a Kommunale Kriminalprävention
|
| 650 |
|
4 |
|a Gemeinwesenorientierte Polizeiarbeit
|
| 650 |
|
4 |
|a Herausforderungen
|
| 773 |
0 |
8 |
|i Enthalten in
|a Sicherheitsgespräche am Deutschen Eck (Veranstaltung : 3. : 2019 : Koblenz)
|t Innere Sicherheit als geteilte Verantwortung
|b 1. Auflage
|d Baden-Baden : Nomos, 2020
|g (2020), Seite 37-57
|h 160 Seiten
|w (DE-627)1689375000
|z 9783848764822
|z 9783866766280
|7 nnam
|
| 773 |
1 |
8 |
|g year:2020
|g pages:37-57
|
| 951 |
|
|
|a AR
|
| ELC |
|
|
|b 1
|
| LOK |
|
|
|0 000 xxxxxcx a22 zn 4500
|
| LOK |
|
|
|0 001 388070841X
|
| LOK |
|
|
|0 003 DE-627
|
| LOK |
|
|
|0 004 1700746510
|
| LOK |
|
|
|0 005 20260205114741
|
| LOK |
|
|
|0 008 210303||||||||||||||||ger|||||||
|
| LOK |
|
|
|0 040
|a DE-21-110
|c DE-627
|d DE-21-110
|
| LOK |
|
|
|0 852
|a DE-21-110
|
| LOK |
|
|
|0 852 1
|m p
|9 00
|
| LOK |
|
|
|0 938
|k p
|
| LOK |
|
|
|0 939
|a 03-03-21
|b l01
|
| ORI |
|
|
|a SA-MARC-krimdoka001.raw
|